000 00855nam a2200229 a 4500
003 0
005 20250210090750.0
008 120723s19uu xx 00 eng d
050 _aPGS LB 3609
_b.J33 2012
100 _aJang, Jae Hyo.
245 _aLiving arrangement and perception on studying abroad of grade 6 SISC students /
_cJae Hyo Jang.
260 _aLas Piñas City, Philippines :
_bSouthville International School and Colleges,
_c2012.
300 _a30 p.
_billustrations ;
_c28 cm.
504 _aIncludes bibliographical references.
650 _aStudents
_vHousing—Psychological aspects.
650 _aStudents
_vSocial conditions.
650 _aStudent adjustment.
650 _aStudy abroad
_vPsychological aspects.
650 _aFamily structure
_vEducational aspects.
650 _aEducation and globalization.
942 _2lcc
_cPASS
999 _c98775
_d98775